LDR 00621naa#a2200169#i#450# 001 EN\\bibl\121059 005 20260606164159.6 011 ## _a2073-0454 100 ## _a20251015b2025####ek#y0engy0150####ca 102 ## _aRU 200 1# _aSome problems of law enforcement of additional labor and legal guarantees for women with children _eJournal article 210 1# _aMoscow _cMoscow University of the Ministry of Internal Affairs of Russia named after V.Ya. Kikot _d2025 215 ## _a4 с. 608 ## _aJournal article _2local 675 ## _aТрудовое право. 349.2 _z 700 #1 _aTitor _gSvetlana Evgen'evna 856 4# _amosumvd.editorum.ru _u